<?xml version="1.0" encoding="UTF-8"?>
<record
    xmlns:xsi="http://www.w3.org/2001/XMLSchema-instance"
    xsi:schemaLocation="http://www.loc.gov/MARC21/slim http://www.loc.gov/standards/marcxml/schema/MARC21slim.xsd"
    xmlns="http://www.loc.gov/MARC21/slim">

  <leader>01912nam a2200337 a 4500</leader>
  <controlfield tag="001">BRCA_6539</controlfield>
  <controlfield tag="005">20190320205510.0</controlfield>
  <controlfield tag="008">290911s1986----mx-#######---#000-0#spa-#</controlfield>
  <datafield tag="020" ind1=" " ind2=" ">
    <subfield code="a">9688378232</subfield>
  </datafield>
  <datafield tag="041" ind1=" " ind2=" ">
    <subfield code="a">spa</subfield>
  </datafield>
  <datafield tag="044" ind1=" " ind2=" ">
    <subfield code="a">mx</subfield>
  </datafield>
  <datafield tag="050" ind1=" " ind2="4">
    <subfield code="a">BX1750</subfield>
    <subfield code="b">.C65 1986</subfield>
  </datafield>
  <datafield tag="245" ind1="1" ind2="0">
    <subfield code="a">Coloquios y Doctrina Cristiana</subfield>
    <subfield code="b">con que los doce frailes de San Francisco, enviados por el papa Adriano VI y por el emperador Carlos V, convirtieron a los indios de la Nueva Espa&#xF1;a. En lengua mexicana y espa&#xF1;ola</subfield>
    <subfield code="c">edici&#xF3;n facsimilar, introducci&#xF3;n, paleograf&#xED;a, versi&#xF3;n del n&#xE1;huatl y notas de Miguel Le&#xF3;n-Portilla.</subfield>
  </datafield>
  <datafield tag="260" ind1=" " ind2=" ">
    <subfield code="a">M&#xE9;xico</subfield>
    <subfield code="b">UNAM, Fundaci&#xF3;n de Investigaciones Sociales</subfield>
    <subfield code="c">1986</subfield>
  </datafield>
  <datafield tag="300" ind1=" " ind2=" ">
    <subfield code="a">214 p.</subfield>
    <subfield code="b">il. a color</subfield>
    <subfield code="c">35 cm.</subfield>
  </datafield>
  <datafield tag="440" ind1=" " ind2="0">
    <subfield code="a">Facs&#xED;miles de Ling&#xFC;istica y Filosof&#xED;a Nahuas</subfield>
    <subfield code="v">4</subfield>
    <subfield code="9">16320</subfield>
  </datafield>
  <datafield tag="500" ind1=" " ind2=" ">
    <subfield code="a">Los di&#xE1;logos de 1524, dispuestos por fray Bernardino de Sahag&#xFA;n y sus colaboradores, Antonio Valeriano de Azcapotzalco, Alonso Vegerano de Cuauhtitl&#xE1;n, Mart&#xED;n Jacobita y Andr&#xE9;s Leonardo de Tlatelolco, y otros cuatro ancianos muy entendidos en todas sus antig&#xFC;edades</subfield>
  </datafield>
  <datafield tag="500" ind1=" " ind2=" ">
    <subfield code="a">Facs&#xED;mil de: Colloquios y Doctrina christian conque los doze frayles de San Francisco enbiados por el papa Adriano Sesto y por el Emperador Carlo quinto: c&#xF4;nvertier&#xF4;n alos indios de la Nueva Espa&#xF1;a &#xEA;nl&#xEA;ngua Mexicana y Espa&#xF1;ola, 1524</subfield>
  </datafield>
  <datafield tag="500" ind1=" " ind2=" ">
    <subfield code="a">Donaci&#xF3;n Dra. Elsa Barberena</subfield>
  </datafield>
  <datafield tag="504" ind1=" " ind2=" ">
    <subfield code="a">Bibliograf&#xED;a: p. [209]-214</subfield>
  </datafield>
  <datafield tag="546" ind1=" " ind2=" ">
    <subfield code="a">Texto en: n&#xE1;huatl y espa&#xF1;ol</subfield>
  </datafield>
  <datafield tag="650" ind1="1" ind2="4">
    <subfield code="a">Misiones</subfield>
    <subfield code="x">Obras anteriores a 1800</subfield>
    <subfield code="z">M&#xE9;xico</subfield>
    <subfield code="9">16321</subfield>
  </datafield>
  <datafield tag="650" ind1="1" ind2="4">
    <subfield code="a">Manuscritos espa&#xF1;oles</subfield>
    <subfield code="v">Facs&#xED;miles</subfield>
    <subfield code="9">16322</subfield>
  </datafield>
  <datafield tag="650" ind1="1" ind2="4">
    <subfield code="a">Manuscritos</subfield>
    <subfield code="x">Facs&#xED;miles</subfield>
    <subfield code="9">16323</subfield>
  </datafield>
  <datafield tag="650" ind1="1" ind2="4">
    <subfield code="a">Lengua n&#xE1;huatl</subfield>
    <subfield code="v">textos</subfield>
    <subfield code="9">16324</subfield>
  </datafield>
  <datafield tag="651" ind1=" " ind2="4">
    <subfield code="a">M&#xE9;xico</subfield>
    <subfield code="x">Historia de la Iglesia</subfield>
    <subfield code="y">Siglo XVI</subfield>
    <subfield code="9">16325</subfield>
  </datafield>
  <datafield tag="700" ind1="1" ind2=" ">
    <subfield code="a">Le&#xF3;n-Portilla, Miguel</subfield>
    <subfield code="d">1926-</subfield>
    <subfield code="9">561</subfield>
  </datafield>
  <datafield tag="700" ind1="1" ind2=" ">
    <subfield code="a">Sahag&#xFA;n, Bernardino de</subfield>
    <subfield code="c">Fray</subfield>
    <subfield code="d">1499-1590</subfield>
    <subfield code="9">16326</subfield>
  </datafield>
  <datafield tag="902" ind1=" " ind2=" ">
    <subfield code="a">DEB</subfield>
  </datafield>
  <datafield tag="942" ind1=" " ind2=" ">
    <subfield code="2">lcc</subfield>
    <subfield code="c">B</subfield>
  </datafield>
  <datafield tag="999" ind1=" " ind2=" ">
    <subfield code="c">6223</subfield>
    <subfield code="d">6223</subfield>
  </datafield>
  <datafield tag="952" ind1=" " ind2=" ">
    <subfield code="0">0</subfield>
    <subfield code="1">0</subfield>
    <subfield code="4">0</subfield>
    <subfield code="7">0</subfield>
    <subfield code="a">BRCA</subfield>
    <subfield code="b">BRCA</subfield>
    <subfield code="d">2011-09-29</subfield>
    <subfield code="l">0</subfield>
    <subfield code="o">BX1750 .C65 1986</subfield>
    <subfield code="p">DEB00006</subfield>
    <subfield code="r">2019-03-22 00:00:00</subfield>
    <subfield code="w">2019-03-22</subfield>
    <subfield code="y">B</subfield>
  </datafield>
</record>
